1724 1199 1993 1434 1139 1407 1499 1763 1636 1929 1454 1574 1574 1920 1315 1538 1630 1744 1342 1826 1733 1833 1533 1697 1888 1847 1935 1261 1170 1958 1396 1524 1232 1648 1446 1056 1707 1411 1483 1408 1734 1714 1676 1176 1155 1331 1629 1577 1124 1435 1698 1750 1380 1645 1269 1234 1308 1671 1923 1830 1983 1629 1016 1473 1429 1712 1400 1532 1623 1644 1229 1895 1827 1520 1414 1827 1510 1008 1660 1668 1389 1216 1841 1569 1925 1354 1091 1691 1816 1668 1560 1626 1950 1598 1114 1699 1644 1293 1664 BCNSPRNW ULIB Ver.6.0+V

เปลี่ยนเป็นภาษาไทย

Change to English
 แสดงรายละเอียดบรรณานุกรม
  กลับหน้าหลัก

Brief Record : Get Marc (ISO 2709) : E-mail record : QR code < ปิดหน้าต่าง
LEADER : 00000nam 2200000uu 4500
001    13399128922
003     ULIB
008    241030s2024||||th 000 0 tha d
020    ^a9780323881159
060 04 ^aWY128^bF341P
100 1  ^aFenstermacher, Karen
245 10 ^aPractice guidelines for family nurse practitioners /^cKaren Fenstermacher, Barbara Toni Hudson
250    ^a6th ed.
260    ^aPhiladelphia :^bElsevier,^c2024
300    ^aviii, 569 p. :^bill. ;^c24 cm.
504    ^aIncludes bibliographical references and index
650  0 ^aFamily nursing
650  0 ^aNurse practitioners
650  2 ^aFamily nursing^xMethods
650  2 ^aFamily nursing
650  2 ^aNurse practitioners
650  2 ^aPrimary care nursing
700 1  ^aHudson, Barbara Toni
945    ^p2762^l0^i011170
999    ^aประนอม เกษจรัล
รายการนี้ยังไม่มีแท็ก
คุณยังไม่ได้ล็อกอิน คุณสามารถมีกิจกรรมร่วมกับเว็บไซต์ได้ แต่ต้องล็อกอินก่อน ::
  ล็อกอิน

รายการสื่อสารสนเทศ

ลำดับที่ ประเภท เลขเรียก/บาร์โค้ด สถานที่ สถานะ
1. Book การพยาบาล
หนังสือสำรอง
สถานะ=หนังสือสำรอง
WY128 F341P ฉ.1 
  Barcode: 011170
ห้องสมุดวิทยาเขตสวรรค์ประชารักษ์
►หนังสือทั่วไป
บนชั้น

รายการใกล้เคียง
    ผู้แต่ง [Fenstermacher, Karen]

    หัวเรื่อง [Family nursing]
    หัวเรื่อง [Nurse practitioners]
    หัวเรื่อง [Family nursing]
    หัวเรื่อง [Nurse practitioners]
    หัวเรื่อง [Primary care nursing]

BibComment


ยังไม่เคยถูกคอมเมนท์

คอมเมนท์ทรัพยากรรายการนี้
  คอมเมนท์: Practice guideli..


 Copyright 2026. Bcnsprnw @Library